Hajdúnánás tanyavilága a 19-20. században [absztrakt] /

Elmentve itt :
Bibliográfiai részletek
Szerző: Kutasi Imre
Testületi szerző: XII. Eötvözet : Eötvös Loránd Kollégium konferenciája
Dokumentumtípus: Könyv része
Megjelent: Szegedi Tudományegyetem Eötvös Loránd Kollégium Szeged 2024
Sorozat:Acta Szegediensia Collegii de Rolando Eötvös Nominati : Eötvözet 12
Kulcsszavak:Tanyavilág - Hajdúnánás - 19-20. sz. - előadáskivonat
Tárgyszavak:
Online Access:http://acta.bibl.u-szeged.hu/86087
LEADER 01051naa a2200253 i 4500
001 acta86087
005 20250107125951.0
008 250107s2024 hu o 100 hun d
020 |a 978-963-306-981-3 
022 |a 2062-8439 
040 |a SZTE Egyetemi Kiadványok Repozitórium  |b hun 
041 |a hun 
100 1 |a Kutasi Imre 
245 1 0 |a Hajdúnánás tanyavilága a 19-20. században   |h [elektronikus dokumentum] :  |b [absztrakt] /  |c  Kutasi Imre 
260 |a Szegedi Tudományegyetem Eötvös Loránd Kollégium  |b Szeged  |c 2024 
300 |a 56 
490 0 |a Acta Szegediensia Collegii de Rolando Eötvös Nominati : Eötvözet  |v 12 
650 4 |a Társadalomtudományok 
650 4 |a Szociológia 
650 4 |a Bölcsészettudományok 
650 4 |a Történettudomány és régészet 
695 |a Tanyavilág - Hajdúnánás - 19-20. sz. - előadáskivonat 
711 |a XII. Eötvözet : Eötvös Loránd Kollégium konferenciája  |c Szeged  |d 2024. április 12-13. 
856 4 0 |u http://acta.bibl.u-szeged.hu/86087/1/eotvozet_012_056.pdf  |z Dokumentum-elérés